| Поле | Инд. | ПП | Название | Значение |
|---|---|---|---|---|
| Тип записи | a | |||
| Библиографический уровень | m | |||
| 001 | Контрольный номер | 15c388e1-f61a-4d56-8d13-414aad9b81e4 | ||
| 005 | Дата корректировки | 20140703130019.4 | ||
| 008 | Кодируемые данные | 040622 | ||
| 020 | c | Цена, тираж | б/ц | |
| 040 | a | Служба первич. каталог. | НБ ТвГУ | |
| 041 | a | Код языка текста | rus | |
| 080 | a | Индекс УДК | 882.09(043.3) | |
| 084 | a | Индекс другой классификации/Индекс ББК | Ш5(2=411.2)6-34я031 | |
| 090 | x | Авторский знак | П12 | |
| a | Полочн. индекс | Ш5(2=411.2) | ||
| 100 | 1_ | a | Автор | Павлов Юрий Михайлович |
| 245 | 10 | a | Заглавие | Художественная концепция личности в русской и русскоязычнной литературе XX века |
| b | Продолж. заглавия | автореф. дис. ... д-ра филол. наук : 10.01.01 | ||
| c | Ответственность | Армавир. гос. пед. ун-т, Каф. лит. и методики ее преподавания | ||
| 260 | 1_ | a | Место издания | Краснодар |
| b | Издательство | Б. и. | ||
| c | Дата издания | 2004 | ||
| 300 | a | Объем | 46 с. | |
| 500 | a | Примечание | На правах рукоп. | |
| 504 | a | Библиография | Библиогр.: с.45-46 и в подстроч. примеч.. | |
| 583 | a | Действие | Получение впервые 253 02.06.2004 | |
| 650 | a | Основная рубрика | Русская литература | |
| x | Основная подрубрика | История | ||
| y | Хронологическая подрубрика | 20 в. | ||
| 650 | a | Основная рубрика | Человек в литературе | |
| 650 | a | Основная рубрика | Тема личности в литературе | |
| 653 | a | Ключевые слова | Русская литература | |
| a | Ключевые слова | Русскоязычная литература | ||
| a | Ключевые слова | Тема личности в литературе | ||
| a | Ключевые слова | Человек в литературе | ||
| a | Ключевые слова | Концепция личности в литературе | ||
| a | Ключевые слова | Авторефераты | ||
| 852 | t | Порядковый номер экземпляра | 1 | |
| p | Инвентарный номер | б/н | ||
| 888 | a | Бесплатные | ||
| 930 | a | Новая/Ретро | авторефераты | |
| 952 | p | 253.2004 б/ц 1 б/н | ||
| c | Вид литературы | А/Р н | ||
| 954 | a | Дата поступления на обработку | 20040819 | |
| 999 | a | Подразделение 2 | ч.з. |